000 00393nam a2200157Ia 4500
008 160316s1998 xxu||||| |||| 00| 0 eng d
082 _a347.016000
_bBHA
100 _aBhatnagar
245 _aLaw relating to notaries
250 _a3rd
260 _aNew Delhi
_bAshoka Law House
_c1998
300 _a279p
_b
_cvi
365 _bRs.240
650 _a1.Notaries Act - Commentary
700 _a
_a
999 _c20712
_d20712